Catálogo de plantas y líquenes de Colombia / (Registro nro. 19164)

Detalles MARC
000 -CABECERA
Campo de control 01586nam a2200373 a 4500
005 - FECHA Y HORA DE LA ULTIMA TRANSACCION
Campo de control 20191224042315.0
008 - ELEMENTOS DE LONGITUD FIJA—INFORMACION GENERAL
Campo de control 161212b2016 ck ao|||r|||| 00| 0 spa d
020 ## - ISBN
ISBN 9789587757262 (obra completa)
020 ## - ISBN
ISBN 9789587757279 (volumen I)
020 ## - ISBN
ISBN 9789587757286 (volumen II)
040 ## - FUENTE DE CATALOGACIÓN
Agencia catalogadora original CO-BoIAVH
Agencia transcriptora CO-BoIAVH
041 0# - IDIOMA
Código de idioma para texto/pista de sonido o título separado Español
044 ## - PAÍS DE PUBLICACIÓN
País de publicación Colombia
082 04 - NUMERO DE CLASIFICACION DECIMAL DEWEY
Número de clasificación 581.9861
Número del ítem C36p
245 00 - MENCION DE TITULO
Título Catálogo de plantas y líquenes de Colombia /
Mención de responsabilidad editado por Rodrigo Bernal, S. Robbert Gradstein y Marcela Celis
250 ## - MENCION DE EDICION
Mención de edición Primera edición
260 ## - PUBLICACION, DISTRIBUCION, ETC. (PIE DE IMPRENTA)
Lugar de publicación, distribución, etc. Bogotá (Colombia) :
Nombre del editor, distribuidor, etc. Universidad Nacional de Colombia (Sede Bogotá). Facultad de Ciencias. Instituto de Ciencias Naturales,
Fecha de publicación, distribución, etc. 2016.
300 ## - DESCRIPCION FISICA
Extensión 2 volúmenes (3056 páginas) :
Otros detalles físicos ilustraciones, mapas y fotografías a color ;
Dimensiones 29 x 22 cm.
500 ## - NOTA GENERAL
Nota general Incluye índice de sinónimos y acrónimos.
504 ## - NOTA DE BIBLIOGRAFIA, ETC.
Nota de bibliografía Incluye referencias bibliográficas.
650 26 - ASIENTO SECUNDARIO DE MATERIA - TERMINO TEMATICO
Término temático o nombre geográfico como elemento de entrada Plantas
Subdivisión general Distribución geográfica
Subdivisión geográfica Colombia
Subdivisión de forma Catálogos
9 (RLIN) 77683
650 26 - ASIENTO SECUNDARIO DE MATERIA - TERMINO TEMATICO
Término temático o nombre geográfico como elemento de entrada Líquenes
9 (RLIN) 1755
650 26 - ASIENTO SECUNDARIO DE MATERIA - TERMINO TEMATICO
Término temático o nombre geográfico como elemento de entrada Plantas
Subdivisión general Identificación
9 (RLIN) 77685
650 24 - ASIENTO SECUNDARIO DE MATERIA - TERMINO TEMATICO
Término temático o nombre geográfico como elemento de entrada Paleobotánica
9 (RLIN) 4317
650 26 - ASIENTO SECUNDARIO DE MATERIA - TERMINO TEMATICO
Término temático o nombre geográfico como elemento de entrada Taxonomía botánica
9 (RLIN) 57825
650 26 - ASIENTO SECUNDARIO DE MATERIA - TERMINO TEMATICO
Término temático o nombre geográfico como elemento de entrada Flora colombiana
9 (RLIN) 77681
650 26 - ASIENTO SECUNDARIO DE MATERIA - TERMINO TEMATICO
Término temático o nombre geográfico como elemento de entrada Plantas
Subdivisión general conservación de especimenes
9 (RLIN) 77686
650 26 - ASIENTO SECUNDARIO DE MATERIA - TERMINO TEMATICO
Término temático o nombre geográfico como elemento de entrada Plantas
Subdivisión general especies nativas
Subdivisión geográfica Colombia
9 (RLIN) 77687
650 26 - ASIENTO SECUNDARIO DE MATERIA - TERMINO TEMATICO
Término temático o nombre geográfico como elemento de entrada Plantas
Subdivisión general especies introducidas
Subdivisión geográfica Colombia
9 (RLIN) 77688
700 1# - ASIENTO SECUNDARIO - NOMBRE PERSONAL
Nombre personal Bernal-González, Rodrigo Germán
Fechas asociadas con el nombre 1959 -
Término de relación editor
9 (RLIN) 77689
700 1# - ASIENTO SECUNDARIO - NOMBRE PERSONAL
Nombre personal Gradstein, S. Robbert
Término de relación editor
9 (RLIN) 13909
700 1# - ASIENTO SECUNDARIO - NOMBRE PERSONAL
Nombre personal Celis Pacheco, Marcela
Término de relación editora
9 (RLIN) 77682
942 ## - ELEMENTOS ADICIONALES (KOHA)
Sistema de clasificación Dewey Decimal Classification
Tipo de ítem Libro
Existencias
Withdrawn status Lost status Sistema de Clasificación Damaged status No para préstamo Colección Inventariado Ubicación Permanente Ubicación actual Fecha de adquisición Fuente de Valor Valor Total Checkouts Número topográfico Inventario / Código de Barras Date last seen Date checked out Ejemplar Price effective from Forma de adquisición Tipo de material
    Dewey Decimal Classification     General Inventariado 2017 Bogotá Bogotá 12/12/2016 Instituto 39000.00 1 LB-581.9861 C36p 040854 11/10/2019 11/10/2019 V.1 Ej.1 12/12/2016 Canje Libro
    Dewey Decimal Classification     General Inventariado 2017 Bogotá Bogotá 12/12/2016 Instituto 39000.00   LB-581.9861 C36p 040855 12/12/2016   V.2 Ej.1 12/12/2016 Canje Libro
    Dewey Decimal Classification     General Inventariado 2017 Sala Fabio Quevedo Sala Fabio Quevedo 10/08/2017 Instituto 39000.00   LB-581.9861 C36p 041628 10/08/2017   V.1 Ej.2 10/08/2017 Donación Libro
    Dewey Decimal Classification     General Inventariado 2017 Sala Fabio Quevedo Sala Fabio Quevedo 10/08/2017 Instituto 39000.00   LB-581.9861 C36p 041629 10/08/2017   V.2 Ej.2 10/08/2017 Donación Libro